000 00621nam a2200169 4500
001 149158
003 ES-MaACL
005 20230906202957.0
007 t|
008 070214s1952 sp r ||||1| spa d
100 1 _aSzent-Gyoergyi, Albert.
_9108990
245 1 0 _aQuímica de la contracción muscular /
_cAlbert Szent-Gyoergyi ; versión española de la 2ª edición inglesa... revisada y aumentada por el Dr. Vicente Villar Palasí.
260 _aMadrid :
_bAguilar,
_c[1952] (
_fMarto)
300 _aXV, 196 p. :
_bil. ;
_c22 cm.
700 1 _aVillar Palasí, Vicente.
_9115099
852 _aES-MaACL
_jD-5960
_bR.32115
999 _c149158
_d149158